A study to evaluate the stability of underground gas storage reservoirs /

Bibliographic Details
Main Author: Hardy, H. Reginald (Henry Reginald), 1931-2008
Corporate Author: American Gas Association. Pipeline Research Committee
Format: Book
Language:English
Published: Arlington, Va. : American Gas Association, 1972.
Subjects:

MARC

Tag First Indicator Second Indicator Subfields
LEADER 00000cam a2200000 a 4500
001 in00000079642
005 20151008053943.0
008 721107s1972 vaua b 00110 engm
010 |a  72079736  
035 |a (OCoLC)00508299 
035 |9 AAH9170AM 
037 |c $10.00 
040 |a DLC  |c DLC  |d TXA  |d UtOrBLW 
049 |a TXAM  |c [1654699] 
050 0 0 |a TP756  |b .H37 
082 0 |a 665/.74 
100 1 |a Hardy, H. Reginald  |q (Henry Reginald),  |d 1931-2008. 
245 1 2 |a A study to evaluate the stability of underground gas storage reservoirs /  |c H. Reginald Hardy, Jr. Assisted by Yoginder P. Chugh [and others]. 
264 1 |a Arlington, Va. :  |b American Gas Association,  |c 1972. 
300 |a xvi, 404 pages :  |b illustrations ;  |c 29 cm. 
336 |a text  |b txt  |2 rdacontent 
337 |a unmediated  |b n  |2 rdamedia 
338 |a volume  |b nc  |2 rdacarrier 
500 |a "Project 12-43 of the Pipeline Research Committee, American Gas Association at the Pennsylvania State University." 
500 |a Includes index. 
504 |a Bibliography: pages 201-217. 
650 0 |a Natural gas  |x Underground storage  |x Models  |x Testing. 
650 0 |a Natural gas  |x Underground storage  |x Mathematical models. 
650 0 |a Rocks  |x Testing. 
710 2 |a American Gas Association.  |b Pipeline Research Committee. 
999 |a MARS 
999 f f |s f6fb6ca9-8e49-38e2-bd82-15ee8aadb618  |i f91b763d-8c40-3df4-8ba8-ebc7ad548ed8  |t 0 
952 f f |p ric  |a Texas A&M University  |b Rellis Campus  |c Joint Library Facility  |d Remote Storage  |t 0  |e TP756 .H37  |h Library of Congress classification  |i unmediated -- volume  |m A14806257610 
998 f f |a TP756 .H37  |t 0  |l Remote Storage